[Event "Rochefort op-B 16th"]
[Site "Rochefort"]
[Date "2017.02.18"]
[Round "6"]
[White "Mace, Emmanuel"]
[Black "Gaubert, Cedric"]
[Result "1/2-1/2"]
[WhiteElo "1791"]
[BlackElo "1576"]
[PlyCount "78"]
[EventDate "2017.02.18"]
[EventType "swiss"]
[EventRounds "9"]
[EventCountry "FRA"]
[SourceTitle "CBM 177 Extra"]
[Source "ChessBase"]
[SourceDate "2017.04.27"]
[SourceVersion "1"]
[SourceVersionDate "2017.04.27"]
[SourceQuality "1"]

1. e4 c5 2. Nf3 e6 3. Qe2 Nc6 4. c3 d5 5. exd5 Qxd5 6. g3 Nf6 7. Bg2 Be7 8. 0-0 Qd7 9. Na3 0-0 10. Nc2 Rb8 11. Rd1 Qe8 12. d4 Bd7 13. Bf4 Rc8 14. Ne5 h6 15. dxc5 Bxc5 16. Nxd7 Nxd7 17. Bd6 Bxd6 18. Rxd6 Qe7 19. Rad1 Ndb8 20. Na3 Rfd8 21. Rxd8+ Rxd8 22. Rxd8+ Nxd8 23. Be4 Nd7 24. Bc2 Nf6 25. Nc4 Nc6 26. Qd3 Qd7 27. Qxd7 Nxd7 28. Nd6 Nd8 29. Nb5 a6 30. Nd4 Kf8 31. f4 Ke7 32. Kf2 Nf6 33. Kf3 Kd6 34. h3 Nc6 35. Nxc6 Kxc6 36. Bb3 Kd6 37. Bc2 Nd7 38. Ke3 f5 39. h4 Nf6 1/2-1/2

[Event "Espalion op 1st"]
[Site "Espalion"]
[Date "2016.07.16"]
[Round "9"]
[White "Rollot, Florence"]
[Black "Gaubert, Cedric"]
[Result "1/2-1/2"]
[WhiteElo "1845"]
[BlackElo "1518"]
[PlyCount "58"]
[EventDate "2016.07.09"]
[EventType "swiss"]
[EventRounds "9"]
[EventCountry "FRA"]
[SourceTitle "CBM 173 Extra"]
[Source "ChessBase"]
[SourceDate "2016.08.29"]
[SourceVersion "1"]
[SourceVersionDate "2016.08.29"]
[SourceQuality "1"]

1. Nf3 d5 2. c4 c6 3. b3 Nf6 4. Bb2 Bf5 5. g3 e6 6. Bg2 h6 7. d3 Be7 8. Nbd2 0-0 9. 0-0 Nbd7 10. Re1 Bh7 11. Qc2 Rc8 12. Rad1 Qc7 13. e4 Rfd8 14. Qc3 Bf8 15. b4 Nb6 16. Qb3 dxc4 17. Nxc4 Nxc4 18. Qxc4 Nd7 19. Bh3 Qd6 20. a3 c5 21. b5 Rc7 22. a4 b6 23. e5 Qe7 24. Bc1 Nb8 25. Nh4 Qd7 26. Qg4 Qd4 27. Bf4 Kh8 28. Ra1 g5 29. Nf3 Qb4 1/2-1/2

[Event "Saint Affrique op 22nd"]
[Site "Saint Affrique"]
[Date "2014.07.19"]
[Round "1"]
[White "Gaubert, Cedric"]
[Black "Arcusa, Michel"]
[Result "0-1"]
[WhiteElo "1384"]
[BlackElo "1865"]
[PlyCount "56"]
[EventDate "2014.07.19"]
[EventType "swiss"]
[EventRounds "9"]
[EventCountry "FRA"]
[SourceTitle "CBM 161 Extra"]
[Source "ChessBase"]
[SourceDate "2014.08.29"]
[SourceVersion "1"]
[SourceVersionDate "2014.08.29"]
[SourceQuality "1"]

1. d4 Nf6 2. Nf3 e6 3. Bf4 b6 4. e3 Bb7 5. Be2 Bb4+ 6. c3 Be7 7. Qb3 d6 8. Nbd2 Nbd7 9. 0-0 Nh5 10. Rad1 Nxf4 11. exf4 c5 12. dxc5 Nxc5 13. Bb5+ Kf8 14. Qc2 a6 15. Be2 g6 16. b4 Nd7 17. Nc4 Qc7 18. Qd3 Nf6 19. Nxd6 Rd8 20. Qd4 Rxd6 21. Qe5 Rc6 22. Rd3 Qxe5 23. fxe5 Nd5 24. a3 Nf4 25. Re3 Nxe2+ 26. Rxe2 Rxc3 27. b5 Rxa3 28. Rc2 Bc5 0-1